Industrial Law Journal : (Record no. 1470)

MARC details
000 -LEADER
fixed length control field 00470nam a22001577a 4500
005 - DATE AND TIME OF INPUT
control field 20240319075658.0
008 - DATA ELEMENTS--GENERAL INFORMATION
fixed length control field 240319b |||||||| |||| 00| 0 eng d
041 ## - LANGUAGE CODE
Language code of text English
082 ## - SHELF NUMBER
DDC number 349 IND
100 ## - MAIN AUTHOR
Language of a work English
245 ## - TITLE STATEMENT
Title Industrial Law Journal :
Statement of responsibility, etc. edited by M Brassey et al.
260 ## - PUBLICATION, DISTRIBUTION, ETC.
Place of publication, distribution, etc. Cape Town :
Name of publisher, distributor, etc. Juta and Company Ltd,
Date of publication, distribution, etc. 1982
300 ## - PHYSICAL DESCRIPTION
Other physical details 143 pages ;
Dimensions 25 cm.
650 ## - SUBJECT`
Broad subject Legal practice
Own subject terms Law
942 ## - ADDED ENTRY ELEMENTS (KOHA)
Item type Series
942 ## - ADDED ENTRY ELEMENTS (KOHA)
-- ALISON_BN_VRIES
Holdings
Source of classification or shelving scheme Not for loan Collection code Home library Current library Shelving location Date acquired Full call number Barcode Price effective from Koha item type
Dewey Decimal Classification   SERIES LAW SOCIETY OF NAMIBIA LIBRARY - WINDHOEK LAW SOCIETY OF NAMIBIA LIBRARY - WINDHOEK Industrial law journal 03/19/2024 349 IND LSN/2023/974 03/19/2024 Series
Dewey Decimal Classification   SERIES LAW SOCIETY OF NAMIBIA LIBRARY - WINDHOEK LAW SOCIETY OF NAMIBIA LIBRARY - WINDHOEK Industrial law journal 03/19/2024 349 IND LSN/2023/975 03/19/2024 Series
Dewey Decimal Classification   SERIES LAW SOCIETY OF NAMIBIA LIBRARY - WINDHOEK LAW SOCIETY OF NAMIBIA LIBRARY - WINDHOEK Industrial law journal 03/19/2024 349 IND LSN/2023/976 03/19/2024 Series